THE FUTURE OF INDIA: POLITICS, ECONOMICS AND GOVERNANCE (Record no. 9529)

MARC details
000 -LEADER
fixed length control field 00367nam a22001577a 4500
003 - CONTROL NUMBER IDENTIFIER
control field SGT
020 ## - INTERNATIONAL STANDARD BOOK NUMBER
International Standard Book Number 9780670058228
082 ## - DEWEY DECIMAL CLASSIFICATION NUMBER
Classification number 320.954,JAL
100 ## - MAIN ENTRY--PERSONAL NAME
Personal name JALAN,BIMAL
245 ## - TITLE STATEMENT
Title THE FUTURE OF INDIA: POLITICS, ECONOMICS AND GOVERNANCE
250 ## - EDITION STATEMENT
Edition statement 1ST
260 ## - PUBLICATION, DISTRIBUTION, ETC. (IMPRINT)
Place of publication, distribution, etc NEW DELHI
Name of publisher, distributor, etc PENGUIN
Year of Publication 2005
300 ## - PAGE DESCRIPTION
No. of Pages 212
650 ## - SUBJECT ADDED ENTRY--TOPICAL TERM
Topical term or geographic name as entry element POLITICAL SCIENCE
942 ## - ADDED ENTRY ELEMENTS (KOHA)
Source of classification or shelving scheme Dewey Decimal Classification
Koha item type FCM Books
Holdings
Withdrawn status Lost status Source of classification or shelving scheme Damaged status Not for loan Collection code Home library Current library Shelving location Date acquired Vendor Name SGTU Total Checkouts Full call number Accession No. (Barcode) Date last seen Date last borrowed Bill Date Koha item type
    Dewey Decimal Classification   Not For Loan COMMERCE MANAGEMENT SGT Science & Social Sciences Library SGT Science & Social Sciences Library Reference Book 07/07/2016 GIFT BY DR. J.D SINGH SGTU 1 320.954,JAL CM1246 18/01/2018 08/01/2018 07/07/2016 FCM Books